Memoria sobre las atribuciones y facultades de las Academias Provinciales de Bellas Artes, referentes a las censuras y aprobaciones de proyectos, restauraciones, ornato publico y demás concerniente al arte de lo bello, dibujo de aplicación y necesarias reformas a su estado, y reorganización / (Record no. 151329)

MARC details
000 -LEADER
campo de control de longitud fija 00958nam a22001695i 4500
001 - NÚMERO DE CONTROL
campo de control 151329
003 - IDENTIFICADOR DE NÚMERO DE CONTROL
campo de control ES-MaACL
005 - FECHA Y HORA DE LA ÚLTIMA TRANSACCIÓN
campo de control 20230906203950.0
008 - DATOS DE LONGITUD FIJA--INFORMACIÓN GENERAL
campo de control de longitud fija 970326s1894 sp |||| | spa d
040 ## - FUENTE DE CATALOGACIÓN
Centro catalogador/agencia de origen CAM
Lengua de catalogación spa
Centro/agencia transcriptor CAM
110 2# - ENTRADA PRINCIPAL--NOMBRE DE ENTIDAD CORPORATIVA
Nombre de entidad corporativa o nombre de jurisdicción como elemento de entrada Real Academia de Bellas Artes de San Sebastián (Palma de Mallorca)
9 (RLIN) 157173
245 10 - MENCIÓN DEL TÍTULO
Título Memoria sobre las atribuciones y facultades de las Academias Provinciales de Bellas Artes, referentes a las censuras y aprobaciones de proyectos, restauraciones, ornato publico y demás concerniente al arte de lo bello, dibujo de aplicación y necesarias reformas a su estado, y reorganización /
Mención de responsabilidad, etc. Academia Provincial de Bellas Artes de Palma de Mallorca.
260 ## - PUBLICACIÓN, DISTRIBUCIÓN, ETC.
Lugar de publicación, distribución, etc. Palma :
Nombre del editor, distribuidor, etc. [s.n.],
Fecha de publicación, distribución, etc. 1894 (
Fabricante Escuela-Tipográfica Provincial)
300 ## - DESCRIPCIÓN FÍSICA
Extensión VII, 74 p. ;
Dimensiones 21 cm.
650 #4 - PUNTO DE ACCESO ADICIONAL DE MATERIA--TÉRMINO DE MATERIA
Término de materia o nombre geográfico como elemento de entrada Academias artísticas-
Subdivisión geográfica España.
9 (RLIN) 150996
852 ## - LOCALIZACIÓN
Ubicación ES-MaACL
Número de control de estantería T-865-F-1
Nota libre -- Enc. hol. conservando la cub. original
-- -- Enc. en un vol. facticio
Holdings
Estatus retirado Estado de pérdida Estado de daño No para préstamo Colección Biblioteca de origen Biblioteca actual Ubicación en estantería Fecha de adquisición Total de préstamos Signatura topográfica completa Código de barras Visto por última vez Precio de reemplazo Tipo de ítem Koha
        Colección de folletos Biblioteca del Ateneo de Madrid Biblioteca del Ateneo de Madrid Depósito folletos 17/01/2008   T-865-F-1 1157893 23/02/2023 23/02/2023 Folleto